[Event "SN-2019-0-00957"]
[Site "LSS email"]
[Date "2019.01.14"]
[Round "?"]
[White "Venturas, Bob"]
[Black "Oberlaender, Rolf"]
[Result "0-1"]
[WhiteElo "631"]
[BlackElo "734"]
[PlyCount "32"]
[EventDate "2018.12.10"]
[EventType "tourn (corr)"]
[EventRounds "6"]
[EventCountry "GER"]
[SourceTitle "Corr 2022"]
[Source "ChessBase"]
[SourceDate "2021.10.24"]
[SourceVersion "1"]
[SourceVersionDate "2021.10.24"]
[SourceQuality "1"]

1. e4 e6 2. d4 d5 3. Nc3 Bb4 4. e5 c5 5. Bd2 a6 6. Nf3 Nc6 7. Be3 b6 8. Qd2 c4 9. a3 Bxc3 10. bxc3 Nge7 11. Be2 Ng6 12. 0-0 Nce7 13. h3 0-0 14. Rfb1 Bd7 15. Rxb6 Qxb6 16. Kh2 Qb2 0-1